000 00816nam a2200253 i 4500
003 DO-SdBNP
005 20240306175326.0
007 ta
008 110413s1987 dr 000 0 spa d
040 _aDO-SdBNP
_bspa
_cBNPHU
_erda
082 _bO495r
_222
100 _aOlivo, Carmen Iris
_937434
245 1 0 _aReglas de archivo para usarse en el catalogo de la Biblioteca UNPHU /
_cCarmen Iris Olivo
264 _aCiudad Trujillo, República Dominicana :
_bUNPHU,
_c1987.
300 _a14 páginas
_c28 cm.
336 _2rdacontent
_atexto
_btxt
337 _2rdamedia
_asin mediación
_bn
338 _2rdacarrier
_avolumen
_bnc
504 _aBibliografía p: 16
590 _aInventariado, 2023/ YL
710 2 _aUniversidad Nacional Pedro Henríquez Ureña
_983980
910 _aYLockward
942 _2ddc
_cLF2
999 _c54738
_d54738